000 00674nam a2200277Ia 4500
005 20260320195731.0
008 008 262003s9999 xx 000 0 hin d
020 _a9788193969250
037 _aEBOOK
040 _aCRL
040 _bhin
040 _cCRL
041 _2hin
041 _ahin
084 _qCRL
100 _aमहेश कटारे
_91132959
245 0 _aभर्तृहरि : काया के वन में
250 _a1st
260 _bRajkamal
260 _c2019
300 _a366
856 _uhttps://ebook.indiaread.in/pdfs/9788193969250.pdf
942 _cEBOOK
999 _c1716195
_d1716195